El proceso de crecimiento, asociación e integración empresaria (Registro nro. 23990)

Detalles MARC
000 -LEADER
fixed length control field 00396 a2200121 4500
001 - CONTROL NUMBER
control field ART_10262
005 - DATE AND TIME OF LATEST TRANSACTION
control field 20260410161840.0
008 - FIXED-LENGTH DATA ELEMENTS--GENERAL INFORMATION
fixed length control field 260409a
100 1# - MAIN ENTRY--PERSONAL NAME
Personal name Wajchman, Mauricio
245 10 - TITLE STATEMENT
Title El proceso de crecimiento, asociación e integración empresaria
700 1# - ADDED ENTRY--PERSONAL NAME
Personal name Wajchman, Bernardo
773 0# - HOST ITEM ENTRY
Title Contabilidad y administración
Related parts - Año 7, Nº 83 (may. 1984)
Record control number REV5485

No hay ítems disponibles.